000 00660nam a2200217 a 4500
005 20210223130744.0
008 081028s1993 mx r 000 0 spa d
020 _a9210200800
035 _aUPN01000164389
049 _aUNE
080 _a37.018.8 (83) =20 "1993" GUT.
100 1 _aGuttman, Cynthia
_938473
245 1 0 _aAll children can learn :
_bChile's 900 schools programme for the underprivileged /
_cCynthia Guttman.
260 _aParis :
_bUNESCO,
_c1993.
300 _a31 p. ;
_bil.
690 _aEducacion basica- Chile
690 _aProgramas de educacion- Chile
690 _aChile- Educacion basica
710 2 _aUNESCO
905 _aUNESCO
999 _c136501
_d136501